000 00565nam a2200241 a 4500
001 nice12345678
003 IN_TiNIC
005 20260116011525.0
008 050524s1934 lona grp 000 0 eng
020 _a
_c100
082 0 0 _a297
_bNOR
100 _aNorth, C R
245 _aOutline of Islam
260 _aLondon
_bEpworth Press
_c1934
300 _a127
500 _aincludes index and biblioraphy
505 2 _aacc no 1649 is archives
650 _aIslam-Meccan Trade
700 1 _aNorth, C R
902 _bSRS
942 _cBK
999 _c2292
_d2292